Plantilla FC Bayern München Champions League 2024/2025 - Estadísticas

Estadísticas generales
  • Esta prueba ha sido intentada 88 veces
  • La puntuación promedio es 18 de 24
Estadísticas de respuestas
Imagen Respuesta % Correcto
Manuel Neuer
100%
Alphonso Davies
97%
Joshua Kimmich
96%
Jamal Musiala
95%
Leroy Sané
95%
Thomas Müller
95%
Harry Kane
94%
Dayot Upamecano
92%
Serge Gnabry
91%
Kingsley Coman
88%
Leon Goretzka
88%
Minjae Kim
88%
Michael Olise
86%
Raphaël Guerreiro
79%
Eric Dier
70%
Konrad Laimer
70%
Sven Ulreich
65%
João Palhinha
62%
Hiroki Ito
53%
Sacha Boey
51%
Josip Stanišić
38%
Jonas Urbig
30%
Daniel Peretz
23%
Javier Fernández
6%
No se encontraron pruebas coincidentes
Distribución de puntuación
Porcentaje de gente con cada puntuación
Porcentaje por número respondido
Historial de tus puntuaciones
No has intentado esta prueba.